000 00547cam a22002291 4500
001 sa 68003158
003 DLC
005 20260227112450.0
008 941010s1967 ii 000 0 kano
010 _asa 68003158
025 _aPL480:I-Kan-877
035 _a(OCoLC)31253714
040 _aDLC
_cCU
_dCU
_dDLC
042 _apremarc
050 0 0 _aPL4659.P797
_bS6
100 0 _aKuvempu,
_d1904-1994.
245 1 0 _aŚmaśāna kurukṣētraṃ.
260 _c[1967]
300 _a51 p.
_c19 cm.
500 _aIn Kannada.
500 _aA play.
999 _c79276
_d79276